| 000 | 00962nam a2200229 a 4500 | ||
|---|---|---|---|
| 008 | 120416s2002 ||||||||||||||||| || u | ||
| 020 | _a052181099X | ||
| 050 | _aHA 17 EVE | ||
| 100 | _aEveritt, B. S | ||
| 245 | 1 | 4 | _aThe Cambridge dictionary of statistics. -(2nd ed.) |
| 250 | _a2nd ed. | ||
| 260 |
_aCambridge _bCambridge University Press _c2002 |
||
| 300 | _aix, 410p. : ill. | ||
| 350 | _a0.00 | ||
| 500 | _aIncludes bibliographical references | ||
| 650 | 0 | _aMATHEMATICAL STATISTICS--DICTIONARIES | |
| 650 | _aStatistics - Dictionaries | ||
| 856 | _uhttp://www.loc.gov/catdir/toc/cam031/2002514499.html | ||
| 856 | _uhttp://www.loc.gov/catdir/description/cam031/2002514499.html | ||
| 995 |
_aREFERENCE BOOKS _D0.00 _e735415 _FCBU-MAIN LIBRARY (Kitwe) _H2 _I30.00 _jHA 17 Eve _M2 _UREFERENCE _y40544 _ZReference Collection |
||
| 995 |
_aREFERENCE BOOKS _D0.00 _e735416 _FCBU-MAIN LIBRARY (Kitwe) _H1 _I30.00 _jHA 17 Eve _M1 _UREFERENCE _y40543 _ZReference Collection |
||
| 999 |
_c78003 _d78003 |
||